African Flags Quiz - Statistics

General Stats
  • This quiz has been taken 29 times
    28 since last reset
  • The average score is 38 of 54
Answer Stats
Picture Answer % Correct
Morocco
100%
Egypt
91%
Tunisia
91%
Chad
86%
Algeria
82%
Ivory Coast
82%
Kenya
82%
Libya
82%
Mauritania
82%
Nigeria
82%
Senegal
82%
South Africa
82%
South Sudan
82%
Angola
77%
Liberia
77%
Mali
77%
Sudan
77%
Uganda
77%
Cameroon
73%
Cape Verde
73%
Comoros
73%
Eswatini
73%
Gabon
73%
Lesotho
73%
Malawi
73%
Niger
73%
Seychelles
73%
Somalia
73%
Tanzania
73%
Botswana
68%
Burundi
68%
Central African Republic
68%
Ghana
68%
Madagascar
68%
Togo
68%
Zambia
68%
Zimbabwe
68%
Benin
64%
Burkina Faso
64%
Congo
64%
Djibouti
64%
Mozambique
64%
Rwanda
64%
DR Congo
59%
Equatorial Guinea
59%
Eritrea
59%
Guinea
59%
Mauritius
59%
Namibia
59%
Sao Tome & Principe
59%
Sierra Leone
59%
Guinea-Bissau
55%
Ethiopia
36%
Western Sahara
36%
No matching quizzes found
Score Distribution
Percent of People with Each Score
Percentile by Number Answered
Your Score History
You have not taken this quiz since the last reset